Csehszlovák alkonzulátus Szegeden? A szomszéd ország nagykövete városunkban

Elmentve itt :
Bibliográfiai részletek
Dokumentumtípus: Cikk
Megjelent: 1991-08-14
Sorozat:Délmagyarország 81 No. 190
Kulcsszavak:Kongresszus, Hungarológia
Online Access:http://dmarchiv.bibl.u-szeged.hu/81805
LEADER 00463nab a2200145 i 4500
001 delm81805
005 20190927153157.0
008 190927s1991 hu o 0|| hun d
040 |a SZTE Délmagyarország Archívum  |b hun 
041 |a hun 
245 0 0 |a Csehszlovák alkonzulátus Szegeden? A szomszéd ország nagykövete városunkban  |h [elektronikus dokumentum] 
260 |c 1991-08-14 
300 |a 2 
490 0 |a Délmagyarország  |v 81 No. 190 
695 |a Kongresszus, Hungarológia